| 000 | 00000nas 2200000za 4500 |
| 001 | 9.851855 |
| 003 | CaOODSP |
| 005 | 20221107154441 |
| 007 | cr ||||||||||| |
| 008 | 180214d19481959oncar p oss f0###a0eng|d |
| 022 | |y0384-2878 |
| 040 | |aCaOODSP|beng |
| 043 | |an-cn--- |
| 086 | 1 |aCS34-205E-PDF |
| 245 | 04|aThe cotton textile industries |h[electronic resource]. |
| 260 | |aOttawa : |bDominion Bureau of Statistics, Industry and Merchandising Division, General Manufactures Section, |c[1950]-1961. |
| 310 | |aAnnual |
| 362 | 1 |aBegan with: 1948 ; ceased with: 1959. |
| 500 | |aDigitized edition from print [produced by Statistics Canada]. |
| 515 | |aIssues for 1949-1950 called also v. 2, pt. 8-C-1; 1951-1953 called also v. 2, pt. 7-C-1; 1954-1957 called also v. 2, pt. 7-B-1. |
| 550 | |aIssued 1953-1956 by Textiles and Miscellaneous Products Section; 1957-1959 by Industry and Merchandising Division. |
| 580 | |aA part of Cotton textile industries, is continued by Cotton yarn and cloth mills (Final). |
| 580 | |aA part of Cotton textile industries merged with a part of Miscellaneous textiles industries; and, a part of Wool textile industries, to become: Fibre preparing mills. |
| 580 | |aA part of Cotton textile industries, merged with a part of Synthetic textiles and silk industry, to become: Thread mills (Final). |
| 692 | 07|2gccst|aTextile industry |
| 710 | 1 |aCanada. |bDominion Bureau of Statistics. |bGeneral Manufactures Division. |
| 710 | 1 |aCanada.|bDominion Bureau of Statistics.|bTextiles and Miscellaneous Products Section. |
| 710 | 1 |aCanada. |bDominion Bureau of Statistics. |bIndustry and Merchandising Division. |
| 780 | 00|tThe cotton textile industries in Canada |w(CaOODSP)9.851847 |
| 785 | 00|tCotton yarn and cloth mills |w(CaOODSP)9.851861 |
| 785 | 00|tFibre preparing mills |w(CaOODSP)9.852635 |
| 785 | 00|tThread mills |w(CaOODSP)9.852674 |